<?xml version="1.0" encoding="UTF-8"?>
<collection xmlns="http://www.loc.gov/MARC21/slim">
  <record>
    <leader>00000nam  2200000   4500</leader>
    <controlfield tag="001">INLIS000000000015816</controlfield>
    <controlfield tag="005">20230908025327</controlfield>
    <datafield tag="035" ind1="#" ind2="#">
      <subfield code="a">0010-0923000057</subfield>
    </datafield>
    <controlfield tag="007">ta</controlfield>
    <controlfield tag="008">230908################|##########|#|##</controlfield>
    <datafield tag="084" ind1="#" ind2="#">
      <subfield code="a">R 146 PIM II 2022</subfield>
    </datafield>
    <datafield tag="100" ind1=" " ind2="#">
      <subfield code="a">Henra</subfield>
    </datafield>
    <datafield tag="245" ind1="1" ind2="#">
      <subfield code="a">Strategi Peningkatan Kualitas Kebijakan Melalui Penilaian Kemanfaatan Regulasi Koperasi dan UMKM /</subfield>
      <subfield code="c">Henra</subfield>
    </datafield>
    <datafield tag="250" ind1="#" ind2="#">
      <subfield code="a">1</subfield>
    </datafield>
    <datafield tag="260" ind1="#" ind2="#">
      <subfield code="a">Jakarta :</subfield>
      <subfield code="b">Pusbangkom Pimnas dan Manajerial ASN,</subfield>
      <subfield code="c">2022</subfield>
    </datafield>
    <datafield tag="300" ind1="#" ind2="#">
      <subfield code="a">67 halaman :</subfield>
      <subfield code="b">ilus ;</subfield>
      <subfield code="c">30 cm</subfield>
    </datafield>
    <datafield tag="650" ind1="#" ind2="4">
      <subfield code="a">Koperasi</subfield>
    </datafield>
    <datafield tag="520" ind1="#" ind2="#">
      <subfield code="a">Tujuan dari proyek perubahan ini adalah menyusun Pedoman Penilaian Kemanfaatan Regulasi Koperasi danUKM.  Melalui proyek perubahan ini, akan mengubah kelembagaan  khususnya di Biro Hukum dan Kerjasama. Beberapa tahapan yang akan dicapai sebagai berikut :&#13;
1. Terbentuknya tim efektif, yang terdiri dari struktural di Biro Hukum dan Kerjasama Kementerian Koperasi dan UKM&#13;
2. Rencana di bentuknya kelompok kerja antar kementerian/lembaga&#13;
3. Tersediannya data Peraturan Perundang-Undangan setingkat Kementerian Lembaga yang mengatur Koperasi dan UKM&#13;
4. Tersediannya surat keputusan Menteri Koperasi dan UKM tentang penilaian kemanfaatan regulasi koperasi dan UKM&#13;
5. Tersediannya Perjanjian Kerjasama antara Kementerian Koordinator Bidang Perekonomian, Badan Perencanaan Pembangunan Nasional (Bappenas), Badan Pembinaan Hukum Nasional (BPHN), Universitas Pelita Harapan dan Universitas Indonesia&#13;
6. Tersediannya Pedoman Penilaian Kemanfaatan Regulasi Koperasi dan UKM&#13;
7. Tersediannya sampel dan uji coba hasil penilaian kemanfaatan regulasi koperasi dan UKM dari beberapa Kementerian/Lembaga</subfield>
    </datafield>
    <datafield tag="856" ind1="#" ind2="#">
      <subfield code="a">Perpustakaan LAN Pusat</subfield>
    </datafield>
    <datafield tag="990" ind1="#" ind2="#">
      <subfield code="a">146</subfield>
    </datafield>
  </record>
</collection>
